[Event "Balmaceda Segura Memorial op"]
[Site "Santa Barbara de Heredia"]
[Date "2022.06.11"]
[Round "4"]
[White "Pastor Carvajal, Jeigoth"]
[Black "Jimenez Esquivel, Greivin"]
[Result "1/2-1/2"]
[WhiteElo "1868"]
[BlackElo "1904"]
[PlyCount "98"]
[EventDate "2022.05.21"]
[EventType "swiss"]
[EventRounds "6"]
[EventCountry "CRI"]
[SourceTitle "EXT 2024"]
[Source "ChessBase"]
[SourceDate "2023.10.10"]
[SourceVersion "1"]
[SourceVersionDate "2023.10.10"]
[SourceQuality "1"]

1. e4 c5 2. Nc3 Nc6 3. Bb5 g6 4. Bxc6 dxc6 5. f4 Bg7 6. Nf3 Nf6 7. 0-0 0-0 8. d3 Bg4 9. h3 Bxf3 10. Qxf3 c4 11. dxc4 Qd4+ 12. Be3 Qxc4 13. e5 Nd5 14. Nxd5 cxd5 15. c3 e6 16. Bd4 b5 17. Qe3 a5 18. a3 Rfc8 19. Rfc1 Qb3 20. Qf2 Bf8 21. Kh2 Rc4 22. Qc2 a4 23. Qxb3 axb3 24. Rd1 Rac8 25. Kg3 Be7 26. Kf3 h5 27. g3 Kg7 28. Rd3 Ra8 29. Re1 Raa4 30. h4 Kf8 31. Red1 Ke8 32. Rb1 Kd7 33. Ke3 Kc6 34. Rbd1 Kb7 35. Rb1 Ka6 36. Rbd1 Ka5 37. R1d2 Bf8 38. Rd1 Bxa3 39. bxa3 Rxa3 40. R3d2 Ka4 41. Rb1 Ra2 42. Rdd1 Ka3 43. Kd3 Rg2 44. Ra1+ Ra2 45. Rab1 b2 46. Rd2 Kb3 47. Re2 Ka3 48. Rd2 Kb3 49. Re2 Ka3 1/2-1/2